000
00242nam a2200097Ia 4500
001
1204337
005
20250827022726.0
008
250824s9999 xx 000 0 und d
245
0
_a
BÜYÜK BUZ SAVAŞI
_c
TONY ABBOTT
260
_b
ALTIN KİTAPLAR
999
_c
1204337
_d
1204337